Valtioiden muotoja lipuilla #8 - Statistics

Yleistilastot
  • Tätä visaa on pelattu 879 kertaa
  • Keskiarvotulos 14 / 16
Vastaustilastot
Kuvavisa Vastaus % Oikein
Irlanti
96%
Vatikaanivaltio
94%
Slovenia
93%
Irak
92%
Kenia
92%
Bulgaria
91%
Alankomaat
90%
Bangladesh
87%
Laos
87%
Etiopia
80%
Paraguay
80%
Ecuador
78%
Libya
78%
Ghana
76%
Kambodža
76%
Malawi
68%
Ehtoja vastaavia visoja ei löytynyt
Tulosjakauma
Jokaisen tuloksen saaneiden osuus
Persentiili vastausten määrän mukaan
Tuloshistoriasi
Et ole pelannut tätä visaa